000 00793nam a22001817a 4500
003 UA-OsUOA
001 16069
007 ta
008 20031218b un ||||| |||| 00| 0 ukr d
100 _aЗиль В.
942 _cSA
040 _aUA-OsUOA
_cUA-OsUOA
_dUA-OsUOA
245 _aЛіквідуючи наслідки лиха
_b[Розмова з голов. радіологом обл. упр. сіл. госп-ва і продовольства В.Зилем про ліквідацію наслідків чорноб. аварії в агропром. комплексі]/ Розмовляла Н.Курята
300 _aС.4
955 _a0
773 0 _w0
_tВісті Рівненщини
_dРівне
_d2003
_g№101/102/5 груд./
650 7 _aКраєзнавча робота
_2UDC
999 _c302234
_d302234